Rethinking Quranic Studies (Record no. 19111)

MARC details
000 -LEADER
fixed length control field 00588nam a2200229 a 4500
020 ## - INTERNATIONAL STANDARD BOOK NUMBER
ISBN 0954678710
082 00 - DEWEY DECIMAL CLASSIFICATION NUMBER
Classification number 297.1224
Author Cutter SHA
100 ## - MAIN ENTRY--AUTHOR NAME
Author name Al-Sharif, William
245 ## - TITLE STATEMENT
Title Rethinking Quranic Studies
260 ## - PUBLICATION, DISTRIBUTION, ETC. (IMPRINT)
Place of publication Jerusalem
Name of publisher Academic Publications
Year of publication 2004
300 ## - PHYSICAL DESCRIPTION
Number of Pages 81
500 ## - GENERAL NOTE
General note includes index and biblioraphy
650 ## - SUBJECT ADDED ENTRY--TOPICAL TERM
Topical Term Quran-Textual Criticism
942 ## - ADDED ENTRY ELEMENTS (KOHA)
Koha item type Books
700 1# -
-- Al-Sharif, William
Holdings
Collection code Home library Current library Date acquired Cost, normal purchase price Full call number Accession Number Koha item type
  Henry Martyn Institute Library Henry Martyn Institute Library 02/22/2010 100.00 297.1224 SHA 11002044 Books
                   Copyright © 2026 | Henry Martyn Institute | Hyderabad | TS-500052 | INDIA | Implemented by hmi.edu.in
Hit-Count:

Powered by Koha